Harry Potter Order of the Phoenix Quiz Stats

 Plays Quiz not verified by Sporcle

Challenge
Share
Tweet
Embed
Score 0/39 Timer 06:00
0 Plays Today
Dead or Alive Order Member % Correct
AliveArthur Weasley
96%
AliveMolly Weasley
95.9%
AliveGeorge Weasley
95.6%
DeadFred Weasley
95.6%
DeadAlbus Dumbledore
95.4%
DeadJames Potter
95.3%
DeadLily Potter
95.3%
AliveBill Weasley
95.2%
DeadSirius Black
94.9%
AliveCharlie Weasley
94.6%
DeadRemus Lupin
93.7%
AliveAberforth Dumbledore
92.9%
DeadNymphadora Tonks
91.4%
DeadSeverus Snape
85.3%
DeadAlastor 'Mad Eye' Moody
85%
AliveFrank Longbottom
85%
AliveAlice Longbottom
85%
AliveHarry Potter
83.8%
AliveRon Weasley
83.8%
AliveMinerva McGonagall
74.6%
Dead or Alive Order Member % Correct
AliveHermione Granger
73.2%
AliveKingsley Shacklebolt
69.1%
AliveMundungus Fletcher
64.1%
AliveDedalus Diggle
61.8%
DeadPeter Pettigrew
61.4%
AliveRubeus Hagrid
60%
AliveFleur Delacour
53.9%
AliveElphias Doge
52.6%
DeadFabian Prewett
51.5%
DeadGideon Prewett
51.4%
DeadEdgar Bones
49.5%
AliveArabella Figg
46.3%
DeadEmmeline Vance
45.2%
AliveHestia Jones
44.8%
AliveSturgis Podmore
39.8%
DeadMarlene McKinnon
36%
DeadCaradoc Dearborn
25.7%
DeadDorcas Meadowes
25.4%
DeadBenjy Fenwick
24.9%

You're not logged in!

Compare scores with friends on all Sporcle quizzes.
OR
Log In

You Might Also Like...

Show Comments

Extras

Created Aug 24, 2010ReportNominate
Tags:alive, death, female, male, order, Phoenix

Top Quizzes Today


Score Distribution

Your Account Isn't Verified!

In order to create a playlist on Sporcle, you need to verify the email address you used during registration. Go to your Sporcle Settings to finish the process.

Report this User

Report this user for behavior that violates our Community Guidelines.

Details: